Name The Bass Player - Statistics

General Stats
  • This quiz has been taken 438 times
  • The average score is 8 of 23
Answer Stats
Band Bass Player % Correct
Red Hot Chili Peppers Flea
87%
The Police Sting
84%
Led Zeppelin John Paul Jones
80%
Rush Geddy Lee
71%
The Who John Entwistle
71%
Pink Floyd Roger Waters
71%
Cream Jack Bruce
49%
Primus, ___ ___ Flying Frog Brigade, Oysterhead Les Claypool
45%
The Jimi Hendrix Experience Noel Redding
31%
James Brown, Parliament-Funkadelic Bootsy Collins
30%
Yes Chris Squire
30%
Deep Purple Roger Glover
26%
The Grateful Dead, Phil & Friends Phil Lesh
24%
Bela Fleck & the Flecktones Victor Wooten
19%
King Crimson, Peter Gabriel Tony Levin
18%
Medeski Martin & Wood, The Wood Brothers Chris Wood
16%
Sly & The Family Stone Larry Graham
14%
Jefferson Airplane, Hot Tuna Jack Casady
12%
Band of Gypsies, Jimi Hendrix Billy Cox
10%
Allman Brothers (89-97), Govt Mule Allen Woody
6%
Phish, Ramble Dove Mike Gordon
6%
The Meters, The Funky Meters, PBS George Porter Jr
5%
Allman Brothers (97-Present), Aquarium Rescue Unit, Vida Blue Oteil Burbridge
5%
No matching quizzes found
Score Distribution
Percent of People with Each Score
Percentile by Number Answered
Your Score History
You have not taken this quiz